El Covid 19 y el derecho de la emergencia /

Detalles Bibliográficos
Autor Corporativo: Congreso Internacional "Covid-19 y derechos humanos"
Otros Autores: Viglianisi Ferraro, Angelo, 1978- (Editor)
Formato: Electrónico Procedimiento de la Conferencia eBook
Lenguaje:español
portugués
Publicado: Santiago, Chile : Ediciones Olejnik, [2022]
Colección:Biblioteca Los nuevos horizontes del derecho en el siglo XXI.
Materias:
Acceso en línea:Digitalia Hispánica

MARC

LEADER 00000nam a2200000Ii 4500
001 DIGOLEJNK1203
003 NyNyDIG
006 m o d
007 cr |||||||||||
008 260106s2022 cl o 100 0 spa d
035 |a (OCoLC)1420742573 
040 |a DGITA  |b eng  |e rda  |e pn  |c DGITA 
020 |z 9789564070117 
041 0 |a spa  |a por 
050 1 4 |a K3575.C68 ebook 
245 0 3 |a El Covid 19 y el derecho de la emergencia /  |c Angelo Viglianisi Ferraro (director). 
264 1 |a Santiago, Chile :  |b Ediciones Olejnik,  |c [2022] 
300 |a 1 online resource. 
336 |a text  |b txt  |2 rdacontent 
337 |a computer  |b c  |2 rdamedia 
338 |a online resource  |b cr  |2 rdacarrier 
347 |a text file  |2 rdaft 
347 |b PDF 
490 1 |a Biblioteca Los nuevos horizontes del derecho en el siglo XXI  
500 |a "Este volumen reúne los textos de las ponencias expuestas durante el Congreso Internacional "Covid-19 y derechos humanos", celebrado el 28 de mayo de 2020 por iniciativa del Mediterranea International Centre for Human Rights Research (Italia), en colaboración con el Department of Civil, Economic and Private International Law - Cracow University of Economics (Polonia), el Centro REDHT - Universidade Federal de Sergipe (Brasil), el AINDES de Medellín (Colombia) y el Aid-IA, Associação Iberoamericana de Direito e Inteligência Artificial (Brasil)."--Introduction. 
546 |a Text chiefly in Spanish with some articles in Portuguese. 
588 0 |a Online resource; title from PDF title page (Digitalia, viewed January 6, 2026) 
650 0 |a COVID-19 (Disease)  |x Law and legislation  |v Congresses. 
650 0 |a War and emergency legislation  |v Congresses. 
650 0 |a COVID-19 (Disease)  |x Social aspects  |v Congresses. 
700 1 |a Viglianisi Ferraro, Angelo,  |d 1978-  |e editor. 
711 2 |a Congreso Internacional "Covid-19 y derechos humanos"  |d (2020) 
791 2 |a Digitalia (Firm),  |e distributor. 
793 0 |g Digitalia eBook Collection:  |a Ediciones Olejnik 
776 0 8 |i Print version:  |t Covid 19 y el derecho de la emergencia.  |d Santiago, Chile : Ediciones Olejnik, 2022  |z 9789564070117 
830 0 |a Biblioteca Los nuevos horizontes del derecho en el siglo XXI. 
856 4 0 |3 Digitalia Hispánica  |u https://www.digitaliapublishing.com/a/157709/ 
910 |a Premium collection: 2026